| 000 -LEADER | |
|---|---|
| fixed length control field | 00417nam a22001697a 4500 |
| 005 - DATE AND TIME OF LATEST TRANSACTION | |
| control field | 20211004162943.0 |
| 008 - FIXED-LENGTH DATA ELEMENTS--GENERAL INFORMATION | |
| fixed length control field | 160701b xxu||||| |||| 00| 0 eng d |
| 020 ## - INTERNATIONAL STANDARD BOOK NUMBER | |
| ISBN | 81-89401-24-5 |
| 041 ## - LANGUAGE CODE | |
| Language code of text/sound track or separate title | eng |
| 082 ## - DEWEY DECIMAL CLASSIFICATION NUMBER | |
| Item number | 20144 |
| 100 ## - MAIN ENTRY--AUTHOR NAME | |
| Personal name | Ballaney Prof. P L |
| 245 ## - TITLE STATEMENT | |
| Title | Theory of machines & machenism |
| 260 ## - PUBLICATION, DISTRIBUTION, ETC. (IMPRINT) | |
| Name of publisher | Khanna Publication |
| Year of publication | 2013 |
| 300 ## - PHYSICAL DESCRIPTION | |
| Number of Pages | 1336 |
| 650 ## - SUBJECT ADDED ENTRY--TOPICAL TERM | |
| Topical Term | Diploma Engineering |
| 942 ## - ADDED ENTRY ELEMENTS (KOHA) | |
| Koha item type | Books |
| Lost status | Damaged status | Home library | Date acquired | Cost, normal purchase price | Full call number | Accession Number | Koha item type | Current library | Shelving location | Collection code |
|---|---|---|---|---|---|---|---|---|---|---|
| JRU Library | 01/07/2016 | 385.00 | 20144 | 20144 | Books | |||||
| JRU Library | 01/07/2016 | 385.00 | 20144 | 20145 | Books | SHELF-43-L | ||||
| JRU Library | 01/07/2016 | 385.00 | 20144 | 20146 | Books | SHELF-43-L | ||||
| JRU Library | 01/07/2016 | 385.00 | 20144 | 20147 | Books | SHELF-43-L | ||||
| JRU Library | 01/07/2016 | 385.00 | 20144 | 20148 | Books | JRU Library | SHELF-58-F | MINING | ||
| JRU Library | 01/07/2016 | 385.00 | 20144 | 20149 | Books | SHELF-43-L | ||||
| JRU Library | 01/07/2016 | 385.00 | 20144 | 20150 | Books | SHELF-43-L | ||||
| JRU Library | 01/07/2016 | 385.00 | 20144 | 20151 | Books | SHELF-43-K | ||||
| JRU Library | 01/07/2016 | 385.00 | 20144 | 20152 | Books | |||||
| JRU Library | 01/07/2016 | 385.00 | 20144 | 20153 | Books | SHELF-43-L |